วิทยาลัยพยาบาลบรมราชชนนี ยะลา
ระบบห้องสมุดอัตโนมัติ ULIBM BCNYALA - V.6
เปลี่ยนเป็นภาษาไทย

Change to English
 แสดงรายละเอียดบรรณานุกรม
  กลับหน้าหลัก

Brief Record : Get Marc (ISO 2709) : E-mail record : QR code ปิดหน้าต่าง
เทคนิคการเขียน ผลงานทางวิชาการที่มีคุณภาพ Review โดย
อีมาน สะแอ
ห้องสมุดวพบ.ยะลา
อีมาน สะแอ เมื่อ8/เมษายน/2569
สารบัญ
บทที่ 1 ฐานความคิดในการทำผลงานทางวิชาการ
บทที่ 2 เทคนิคการทำผลงานทางวิชาการประเภทงานวิจัย
บทที่ 3 เทคนิคการเขียนตำราและหนังสือ
บทที่ 4 เทคนิคการเขียนเอกสารประกอบการสอนและเอกสารคำสอน
บทที่ 5 เทคนิคการเขียนบทความวิจัย 
บทที่ 6 เทคนิคการเขียนบคมความวิชาการ
บทที่ 7 แนวคิดการจัดทำผลงานทางวิชาการของครูและบุคลากรทางการศึกษา
บทที่ 8 เรียนรู้จากกรณีตัวอย่างวิจัยของครูและผู้บริหารสถานศึกษา
บทที่ 9 การบริหารจัดการผลงานทางวิชาการให้สัมฤทิ์ผล
บทที่ 10 บทส่งท้าย : เรื่องเล่าเร้าพลัง
บรรณานุกรม
ดัชนีเนื้อหา
ประวัติผู้เขียน

E-books : เกี่ยวกับ Collections
LEADER 00000nam 2200000uu 4500
001    3832
003     ULIBM
008    241002s2567||||th 000 0 tha d
020    ^a9786166192261
050  4 ^aLB2369^bพ647ท
100 0  ^aพิชิต ฤทธิ์จรูญ
245 10 ^aเทคนิคการเขียนผลงานทางวิชาการที่มีคุณภาพ /^cพิชิต ฤทธิ์จรูญ
250    ^aพิมพ์ครั้งที่ 1
260    ^aนครปฐม:^bเพชรเกษมการพิมพ์ ,^c2567.
300    ^a306 หน้า ;^c26 ซม.
650  7 ^aเทคนิคการเขียน
650  0 ^aภาษาไทย -- การเขียน
999    ^aอีมาน
รายการนี้ยังไม่มีแท็ก
คุณยังไม่ได้ล็อกอิน คุณสามารถมีกิจกรรมร่วมกับเว็บไซต์ได้ แต่ต้องล็อกอินก่อน ::
  ล็อกอิน
ลำดับที่ ประเภท เลขเรียก สถานที่ สถานะ
1. หนังสือทั่วไป
หนังสือทั่วไป
LB2369 พ647ท 2567 ฉ.1 
  
ห้องสมุดวพบ.ยะลา
►หนังสือทั่วไปภาษาไทย
On Shelf
2. หนังสือทั่วไป
หนังสือทั่วไป
LB2369 พ647ท 2567 ฉ.2 
  
ห้องสมุดวพบ.ยะลา
►หนังสือทั่วไปภาษาไทย
On Shelf
3. หนังสือทั่วไป
หนังสือทั่วไป
LB2369 พ647ท 2567 ฉ.3 
  
ห้องสมุดวพบ.ยะลา
►หนังสือทั่วไปภาษาไทย
On Shelf
4. หนังสือทั่วไป
หนังสือทั่วไป
LB2369 พ647ท 2567 ฉ.4 
  
ห้องสมุดวพบ.ยะลา
►หนังสือทั่วไปภาษาไทย
On Shelf
5. หนังสือทั่วไป
หนังสือทั่วไป
LB2369 พ647ท 2567 ฉ.5 
  
ห้องสมุดวพบ.ยะลา
►หนังสือทั่วไปภาษาไทย
On Shelf
   [แสดง 5/5 รายการ]

รายการใกล้เคียง
    หัวเรื่อง [ภาษาไทย -- การเขียน]

BibComment


ยังไม่เคยถูกคอมเมนท์

คอมเมนท์ทรัพยากรรายการนี้
  คอมเมนท์: เทคนิคการเขียนผล..
Bib 3832

 
 
 

 Union Library Management : ULibM

ดูหนังออนไลน์

Copyright 2026. All Rights Reserved.